| 000 | 00000nam##2200000za#4500 |
| 001 | 9.576559 |
| 003 | CaOODSP |
| 005 | 20210624185209 |
| 007 | cr ||||||||||| |
| 008 | 150406|1984||||xxc|||||o f|0| 0 eng|d |
| 040 | |aCaOODSP|beng |
| 043 | |an-cn--- |
| 086 | 1 |aFs97-13/481E-PDF |
| 110 | 1 |aCanada. |bDepartment of Fisheries and Oceans. |
| 245 | 10|aCollation of Atlantic salmon sport catch statistics, Maritime Provinces, 1970-79 / |h[electronic resource]|c[by] S.F. O'Neil and D.A.B. Swetnam. |
| 260 | |aHalifax - Nova Scotia : |bFisheries and Oceans Canada |c1984. |
| 300 | |a309p.|breferences, tables |
| 490 | 1 |aCanadian data report of fisheries and aquatic sciences|vNo. 481 |
| 500 | |aOn t.p. Freshwater and Anadromous Division Resource Branch, Halifax, Nova Scotia. Catalogue number of the print edition appears in the PDF version. |
| 546 | |a(Résumé en français) |
| 590 | |a13-15-Supp|b2013-06-24 |
| 720 | 1 |aO'Neil, S. F. |
| 720 | 1 |aSwetnam, D. A. B. |
| 830 | #0|aCanadian data report of fisheries and aquatic sciences ;|vNo. 481|w(CaOODSP)9.505124 |
| 856 | 40|ahttp://publications.gc.ca|qPDF|s123,756 KB|uhttps://publications.gc.ca/collections/collection_2013/mpo-dfo/Fs97-13-481-eng.pdf|yNo. 481 |